The poems of Andrew Marvell ... / (Record no. 18967)
[ view plain ]
| 000 -LEADER | |
|---|---|
| fixed length control field | 01004nam a2200253 a 4500 |
| 001 - CONTROL NUMBER | |
| control field | 18967 |
| 003 - CONTROL NUMBER IDENTIFIER | |
| rucl marc code | BD-RjUL |
| 005 - DATE AND TIME OF LATEST TRANSACTION | |
| control field | 20211209000350.0 |
| 008 - FIXED-LENGTH DATA ELEMENTS--GENERAL INFORMATION | |
| fixed length control field | 140222s1952 enk 00000 eng d |
| 035 ## - SYSTEM CONTROL NUMBER | |
| System control number | (BD-RjUL)19025 |
| System control number | (BD-RjUL) |
| 040 ## - CATALOGING SOURCE | |
| Original cataloging agency | BD-RjUL |
| Language of cataloging | eng |
| Transcribing agency | BD-RjUL |
| 041 ## - LANGUAGE CODE | |
| Language code of text/sound track or separate title | eng |
| 082 ## - DEWEY DECIMAL CLASSIFICATION NUMBER | |
| Classification number | 821.4 |
| Author mark and year | MAP 1952 |
| 100 10 - MAIN ENTRY--PERSONAL NAME | |
| Personal name | Marvell, Andrew, |
| Dates associated with a name | 1621-1678. |
| 9 (RLIN) | 58479 |
| 245 14 - TITLE STATEMENT | |
| Title | The poems of Andrew Marvell ... / |
| Statement of responsibility, etc. | edited with an introduction by Hugh Macdonald. |
| 260 0# - PUBLICATION, DISTRIBUTION, ETC. (IMPRINT) | |
| Place of publication, distribution, etc. | London : |
| Name of publisher, distributor, etc. | Routledge and Kegan Paul, |
| Date of publication, distribution, etc. | [1952] ; |
| Place of publication, distribution, etc. | Frome ; |
| -- | London : |
| Name of publisher, distributor, etc. | Butler and Tanner) |
| 300 ## - PHYSICAL DESCRIPTION | |
| Pagination | xxx, 206 p., 1 leaf of plate : |
| Illustrations | (front., port.) ; |
| Size | 18 cm. |
| 490 0# - SERIES STATEMENT | |
| Series statement | The muses' library |
| 500 ## - GENERAL NOTE | |
| General note | On t.p. : Printed from the unique copy in the British Museum with some other poems by him. |
| General note | Accompanied by a book review from the TLS and a letter from the editor to D. Nichol Smith available in the Rare Book room. |
| 700 10 - ADDED ENTRY--PERSONAL NAME | |
| Personal name | Macdonald, Hugh, |
| Dates associated with a name | 1885-1958. |
| 942 ## - ADDED ENTRY ELEMENTS (KOHA) | |
| Source of classification or shelving scheme | Dewey Decimal Classification |
| Koha item type | Books |
| Lost status | Source of classification or shelving scheme | Damaged status | Not for loan | Collection code | Permanent Location | Current Location | Shelving location | Date acquired | Source of acquisition | Cost, normal purchase price | Total Checkouts | Full call number | Date last seen | Copy number | Koha item type |
|---|---|---|---|---|---|---|---|---|---|---|---|---|---|---|---|
| Dewey Decimal Classification | Not For Loan | Fiction | Central Library, University of Rajshahi | Central Library, University of Rajshahi | Reading Room | 04/02/1956 | ABC | 10.20 | 821.4 MAP 1952 | 22/02/2014 | C-1 | Books |